Normal view
MARC view
Entry Personal Name
001 - CONTROL NUMBER
- control field: 12298
003 - CONTROL NUMBER IDENTIFIER
- control field: OSt
005 - DATE AND TIME OF LATEST TRANSACTION
- control field: 20230824150048.0
008 - FIXED-LENGTH DATA ELEMENTS
- fixed length control field: 230824|| aca||aabn | a|a d
040 ## - CATALOGING SOURCE
- Original cataloging agency: OSt
- Transcribing agency: OSt
100 ## - HEADING--PERSONAL NAME
- Personal name: Thiong'o, Ngugi
670 ## - SOURCE DATA FOUND
- Source citation: Work cat.: (OSt)5836: Thiong'o, Ngugi, A Grain of Wheat , 1966
